लोड हो रहा है...

An introduction to Islamic philosophy

ग्रंथसूची विवरण
मुख्य लेखक: Campanini, Massimo
स्वरूप: Printed Book
प्रकाशित: Edinburgh university press, Edinburgh 2008
विषय:
LEADER 00428nam a2200157 4500
082
100 |a Campanini, Massimo 
245 |a An introduction to Islamic philosophy  |c Campanini, Massimo 
250
260 |a Edinburgh university press, Edinburgh  |c 2008 
300
490
650 |a Islam and Philosophy 
942 |c BK 
999 |c 193405  |d 193405 
952 |0 0  |1 0  |4 0  |7 0  |9 206754  |a ISL  |b ISL  |l 0  |p ISL07279  |r 2019-10-28  |w 2019-10-28  |y BK